[Event "CZE-chT2D 2223"]
[Site "Czech Republic"]
[Date "2023.03.26"]
[Round "11.5"]
[White "Janis, Petr"]
[Black "Novak, Radomir"]
[Result "1/2-1/2"]
[WhiteElo "1952"]
[BlackElo "2084"]
[PlyCount "105"]
[EventDate "2022.10.16"]
[EventType "team-tourn"]
[EventRounds "11"]
[EventCountry "CZE"]
[SourceTitle "EXT 2024"]
[Source "ChessBase"]
[SourceDate "2023.10.10"]
[SourceVersion "1"]
[SourceVersionDate "2023.10.10"]
[SourceQuality "1"]
[WhiteTeam "Usti nad Orlici"]
[BlackTeam "Hradec Kralove Slavia"]
[WhiteTeamCountry "CZE"]
[BlackTeamCountry "CZE"]

1. e4 e6 2. d4 d5 3. Nd2 Nf6 4. e5 Nfd7 5. f4 g6 6. Ngf3 c5 7. c3 Nc6 8. Be2 a5 9. a4 cxd4 10. cxd4 Qb6 11. Nb3 Bb4+ 12. Kf2 h5 13. h3 h4 14. Be3 Ne7 15. Bd3 Nf5 16. Bxf5 exf5 17. Rc1 Nf8 18. Qc2 Bd7 19. Nc5 Rc8 20. Qd3 Ne6 21. Nxd7 Kxd7 22. Rxc8 Rxc8 23. Qb3 Rc4 24. Qd3 Qc6 25. Ra1 Be7 26. b3 Rc3 27. Qd1 Rc2+ 28. Kg1 Qc3 29. Bd2 Rxd2 30. Nxd2 Qxd4+ 31. Kh1 Nxf4 32. Nf3 Qb2 33. Qf1 Ne2 34. Kh2 Bc5 35. Rb1 Qc2 36. Re1 Nc3 37. Rc1 Qxb3 38. Qd3 Bb4 39. Nd2 Qxa4 40. Rxc3 Bxc3 41. Qxc3 b5 42. Nf3 Qf4+ 43. Kh1 a4 44. Qc5 Qc4 45. Qd6+ Ke8 46. e6 fxe6 47. Qxe6+ Kd8 48. Ne5 Qc1+ 49. Kh2 Qf4+ 50. Kg1 Qc1+ 51. Kh2 Qf4+ 52. Kg1 Qc1+ 53. Kh2 1/2-1/2

[Event "CZE-chT2D 2223"]
[Site "Czech Republic"]
[Date "2023.02.19"]
[Round "9.6"]
[White "Fiedler, Bedrich"]
[Black "Janis, Petr"]
[Result "0-1"]
[WhiteElo "2077"]
[BlackElo "1952"]
[PlyCount "78"]
[EventDate "2022.10.16"]
[EventType "team-tourn"]
[EventRounds "11"]
[EventCountry "CZE"]
[SourceTitle "EXT 2024"]
[Source "ChessBase"]
[SourceDate "2023.10.10"]
[SourceVersion "1"]
[SourceVersionDate "2023.10.10"]
[SourceQuality "1"]
[WhiteTeam "Lipa"]
[BlackTeam "Usti nad Orlici"]
[WhiteTeamCountry "CZE"]
[BlackTeamCountry "CZE"]

1. d4 Nf6 2. Nf3 g6 3. c4 Bg7 4. Nc3 d5 5. cxd5 Nxd5 6. e4 Nxc3 7. bxc3 c5 8. Be3 0-0 9. Qd2 Qa5 10. Rc1 Rd8 11. d5 Bg4 12. c4 Qa3 13. Be2 Nc6 14. 0-0 Bxf3 15. Bxf3 Nd4 16. Rb1 b6 17. Bg4 h5 18. Bh3 Qc3 19. Kh1 Qxc4 20. Bg5 Bf6 21. Be3 Nb5 22. Rfc1 Nc3 23. Rb3 Qxe4 24. Rbxc3 Bxc3 25. Qxc3 Qxd5 26. f4 Qe4 27. Re1 Rd3 28. Qc1 Rad8 29. Kg1 Qd5 30. Qc2 e6 31. Kf2 Ra3 32. Re2 Rd3 33. Qb2 Rd7 34. g4 Qh1 35. Kg3 Qg1+ 36. Kf3 hxg4+ 37. Bxg4 Qf1+ 38. Kg3 R7d4 39. Bf3 Rxe3 0-1

[Event "CZE-chT2D 2223"]
[Site "Czech Republic"]
[Date "2023.02.05"]
[Round "8.5"]
[White "Voriskova, Anna"]
[Black "Janis, Petr"]
[Result "1-0"]
[WhiteElo "1743"]
[BlackElo "1952"]
[PlyCount "65"]
[EventDate "2022.10.16"]
[EventType "team-tourn"]
[EventRounds "11"]
[EventCountry "CZE"]
[SourceTitle "EXT 2024"]
[Source "ChessBase"]
[SourceDate "2023.10.10"]
[SourceVersion "1"]
[SourceVersionDate "2023.10.10"]
[SourceQuality "1"]
[WhiteTeam "Hradec Kralove Lipky"]
[BlackTeam "Usti nad Orlici"]
[WhiteTeamCountry "CZE"]
[BlackTeamCountry "CZE"]

1. d4 Nf6 2. c4 c5 3. d5 e6 4. Nc3 exd5 5. cxd5 d6 6. Nf3 g6 7. e4 Bg7 8. Be2 0-0 9. 0-0 Na6 10. Nd2 Nc7 11. a4 a6 12. Qc2 Rb8 13. a5 Ng4 14. Nc4 Nb5 15. Nxb5 axb5 16. Nb6 b4 17. Bf4 Ne5 18. Bg3 f5 19. f4 Nf7 20. Bd3 fxe4 21. Bxe4 Nh6 22. Nxc8 Rxc8 23. f5 Nxf5 24. Bxf5 gxf5 25. Rxf5 Rxf5 26. Qxf5 Bxb2 27. Rf1 Bd4+ 28. Kh1 b3 29. Bxd6 Qe8 30. Be7 Qxe7 31. Qxc8+ Kg7 32. d6 Qxd6 33. Qxb7+ 1-0

[Event "CZE-chT2D 2223"]
[Site "Czech Republic"]
[Date "2022.11.06"]
[Round "2.5"]
[White "Mojzis, Jaroslav"]
[Black "Janis, Petr"]
[Result "0-1"]
[WhiteElo "2108"]
[BlackElo "1952"]
[PlyCount "64"]
[EventDate "2022.10.16"]
[EventType "team-tourn"]
[EventRounds "11"]
[EventCountry "CZE"]
[SourceTitle "EXT 2024"]
[Source "ChessBase"]
[SourceDate "2023.10.10"]
[SourceVersion "1"]
[SourceVersionDate "2023.10.10"]
[SourceQuality "1"]
[WhiteTeam "Polabiny IV"]
[BlackTeam "Usti nad Orlici"]
[WhiteTeamCountry "CZE"]
[BlackTeamCountry "CZE"]

1. d4 Nf6 2. c4 g6 3. Nf3 Bg7 4. g3 0-0 5. Bg2 d5 6. cxd5 Nxd5 7. 0-0 Nc6 8. Re1 Nb6 9. e3 e5 10. dxe5 Nxe5 11. Nxe5 Bxe5 12. Qc2 c6 13. Nc3 h5 14. b3 h4 15. Bb2 Bf5 16. e4 Be6 17. Rad1 Qf6 18. Nd5 cxd5 19. exd5 Bf5 20. Bxe5 Qxe5 21. Qd2 Qd6 22. gxh4 Nd7 23. Bf3 Nf6 24. Qg5 Rae8 25. h5 Ne4 26. Qe3 Qf6 27. Bxe4 Rxe4 28. Qf3 Rg4+ 29. Kf1 Qg5 30. Qh1 Bd7 31. a4 Rh4 32. Re3 Qxh5 0-1

[Event "Harrachov op-B"]
[Site "Harrachov"]
[Date "2009.10.31"]
[Round "9"]
[White "Baboucek, Vavrinec"]
[Black "Janis, Petr"]
[Result "1/2-1/2"]
[WhiteElo "1484"]
[BlackElo "1652"]
[PlyCount "38"]
[EventDate "2009.10.24"]
[EventType "swiss"]
[EventRounds "9"]
[EventCountry "CZE"]
[SourceTitle "EXT 2012"]
[Source "ChessBase"]
[SourceDate "2011.11.24"]
[SourceVersion "1"]
[SourceVersionDate "2011.11.24"]
[SourceQuality "1"]

1. c4 e5 2. Nc3 f5 3. g3 Nf6 4. Bg2 Bc5 5. d3 0-0 6. e4 d6 7. Nge2 fxe4 8. dxe4 Be6 9. Qb3 b6 10. Bg5 Nbd7 11. 0-0 Qe8 12. Nb5 Qh5 13. Bxf6 Nxf6 14. Nxc7 Ng4 15. h4 Nxf2 16. Nxe6 Qxe2 17. Nxf8 Rxf8 18. Qa4 Ng4+ 19. Kh1 Nf2+ 1/2-1/2

[Event "Harrachov op-B"]
[Site "Harrachov"]
[Date "2009.10.27"]
[Round "4"]
[White "Janis, Petr"]
[Black "Seiner, Frantisek"]
[Result "1/2-1/2"]
[WhiteElo "1652"]
[BlackElo "1678"]
[PlyCount "58"]
[EventDate "2009.10.24"]
[EventType "swiss"]
[EventRounds "9"]
[EventCountry "CZE"]
[SourceTitle "EXT 2012"]
[Source "ChessBase"]
[SourceDate "2011.11.24"]
[SourceVersion "1"]
[SourceVersionDate "2011.11.24"]
[SourceQuality "1"]

1. e4 c5 2. Nf3 e6 3. d4 cxd4 4. Nxd4 a6 5. Nc3 Bb4 6. Bd2 Nf6 7. Bd3 d6 8. 0-0 0-0 9. Kh1 e5 10. Nde2 Ng4 11. f3 Nf6 12. Bg5 Be6 13. f4 exf4 14. Rxf4 Nbd7 15. Qf1 Qa5 16. Bxf6 Nxf6 17. a3 Bxc3 18. Nxc3 Qg5 19. Rf3 Qe5 20. Qc1 Ng4 21. Qf4 Qxf4 22. Rxf4 Ne5 23. Rd1 Rac8 24. Rf2 Rc7 25. h3 Rfc8 26. Rfd2 Rd7 27. Na4 Rc6 28. Nc3 g6 29. Kg1 Kf8 1/2-1/2

[Event "Harrachov op-B"]
[Site "Harrachov"]
[Date "2009.10.27"]
[Round "5"]
[White "Spererova, Katerina"]
[Black "Janis, Petr"]
[Result "1-0"]
[WhiteElo "1775"]
[BlackElo "1652"]
[PlyCount "57"]
[EventDate "2009.10.24"]
[EventType "swiss"]
[EventRounds "9"]
[EventCountry "CZE"]
[SourceTitle "EXT 2012"]
[Source "ChessBase"]
[SourceDate "2011.11.24"]
[SourceVersion "1"]
[SourceVersionDate "2011.11.24"]
[SourceQuality "1"]

1. e4 e5 2. Nc3 Nf6 3. f4 d6 4. Bc4 Nc6 5. d3 Bg4 6. Nf3 Be7 7. Be3 exf4 8. Bxf4 Bxf3 9. gxf3 Ne5 10. Bxe5 dxe5 11. Qd2 Bb4 12. 0-0-0 Qd7 13. Qg5 Qe7 14. Ne2 Rg8 15. f4 Nd7 16. Qg3 0-0-0 17. Qe3 Kb8 18. d4 Nb6 19. Bb3 exd4 20. Nxd4 Bc5 21. Qc3 Bxd4 22. Rxd4 Rxd4 23. Qxd4 Rd8 24. Qe3 f6 25. e5 fxe5 26. fxe5 Nd7 27. Rd1 b6 28. e6 Rf8 29. Rxd7 1-0